| 000 | 00978nas a2200325 4500 | ||
|---|---|---|---|
| 001 | BR0804505 | ||
| 003 | BR-BrBNA | ||
| 005 | 20231205111827.0 | ||
| 007 | ta | ||
| 008 | 230509b bl.|||p| |||| 00| 00por d | ||
| 040 |
_aBR-BrBNA _bpor _cBiblioteca Nacional de Agricultura |
||
| 041 | _a(Pt) | ||
| 072 | _aM12; L40 | ||
| 100 | 1 | _aSantos, A.L.Q. | |
| 100 | 1 | _aMoraes, F.M. de | |
| 100 | 1 | _aCarvalho, S.F.M. de | |
| 100 | 1 | _aAlves Júnior, J.R.F. | |
| 100 | 1 | _aBorges, K.M. | |
| 100 | 1 | _aDias, E.A. | |
| 100 | 1 | _aAndrade, M.B. | |
| 100 | 1 | _aMarques, F.K. | |
| 100 | 1 | _aLima, E.M.M. de | |
| 245 | 1 | _aComportamento das artérias mesentéricas cranial e caudal em Artocephalus australis (Pinnipedia, Otariidae) | |
| 650 | _aARTÉRIA | ||
| 650 | _aINTESTINO | ||
| 650 | _aMAMÍFERO AQUÁTICO | ||
| 773 | 0 |
_tARS Veterinária (Brazil) _xISSN 0102-6380 _g(2004), v. 20(3) p. 242-248 _wBR0804505 |
|
| 909 |
_a202311 _bLúcia _c55 _dLúcia Elande |
||
| 942 |
_2AGRIS _n0 _cANA |
||
| 999 |
_c194680 _d194680 |
||